000 00498nam a2200181Ia 4500
005 20260415160316.0
008 008 250505s9999 xx 000 0 eng d
037 _aTextual
040 _aFEDL
_beng
_cFEDL
041 _aeng
_2eng
084 _a040 MEE
_qFEDL
100 _aMee Arthur
_956821
245 0 _aArthur Mee's talks to boys
260 _aLondon, UK
_bHodder and Stoughton
_c1951
300 _a126p
942 _cTEXL
_h040 MEE
999 _c1321516
_d1321516